000 00713nam a2200229 i 4500
003 DO-SdBNP
005 20250221103803.0
007 ta
008 250221b1994 dr a|||| |||| 00| 0 spa d
040 _aDO-SdBNP
_bspa
_cBNPHU
_erda
082 4 _222
_axxx
_bG643h
100 _aGonzalez G., P. Jorge
_eautor
_4aut.
_987013
245 1 0 _aHacia el esplendor de la moral /
_cP. Jorge Gonzalez G.
264 1 _aSanto Domingo :
_bEditora Gráfica Profesional,
_c1994.
300 _a131 páginas :
_bilustraciones ;
_c21 cm.
336 _atexto
_btxt
_2rdacontent
337 _asin mediación
_bn
_2rdamedia
338 _avolumen
_bnc
_2rdacarier
590 _aInventariado, 2025/BT
910 _aBtavárez
942 _2ddc
_cLBS1
999 _c58171
_d58171